Sports Quiz

Random Sports or Numbers Quiz

Nationalities at Wimbledon (2010) Quiz Stats

 Plays Quiz Updated Oct 18, 2016

Also try: Wimbledon Winners
Challenge
Share
Tweet
Embed
Score 0/82 Timer 05:00
1 Play Today
Event Country % Correct
Gentlemen's SinglesUnited States
99.2%
Ladies' SinglesUnited States
99.2%
Gentlemen's SinglesSpain
96.6%
Ladies' SinglesSpain
96.6%
Gentlemen's SinglesUnited Kingdom
96%
Ladies' SinglesUnited Kingdom
96%
Gentlemen's SinglesFrance
95.7%
Ladies' SinglesFrance
95.7%
Gentlemen's SinglesRussia
95.4%
Ladies' SinglesRussia
95.4%
Gentlemen's SinglesGermany
92.2%
Ladies' SinglesGermany
92.2%
Ladies' SinglesChina
91.1%
Ladies' SinglesCanada
88.7%
Gentlemen's SinglesJapan
88.3%
Ladies' SinglesJapan
88.3%
Gentlemen's SinglesAustralia
87.4%
Ladies' SinglesAustralia
87.4%
Gentlemen's SinglesItaly
87.2%
Ladies' SinglesItaly
87.2%
Gentlemen's SinglesBrazil
85%
Gentlemen's SinglesSwitzerland
84.3%
Ladies' SinglesSwitzerland
84.3%
Gentlemen's SinglesSweden
84.2%
Ladies' SinglesSweden
84.2%
Gentlemen's SinglesArgentina
83.3%
Ladies' SinglesArgentina
83.3%
Gentlemen's SinglesPortugal
80.1%
Event Country % Correct
Ladies' SinglesPortugal
80.1%
Gentlemen's SinglesPoland
71.3%
Ladies' SinglesPoland
71.3%
Ladies' SinglesIndia
71%
Gentlemen's SinglesSouth Africa
70.8%
Ladies' SinglesSouth Africa
70.8%
Gentlemen's SinglesNetherlands
70.6%
Ladies' SinglesNetherlands
70.6%
Ladies' SinglesAustria
70.1%
Gentlemen's SinglesAustria
70.1%
Gentlemen's SinglesFinland
69.7%
Ladies' SinglesGreece
69.5%
Gentlemen's SinglesCzechia
69.3%
Ladies' SinglesCzechia
69.3%
Ladies' SinglesDenmark
68.9%
Gentlemen's SinglesBelgium
68.1%
Ladies' SinglesBelgium
68.1%
Gentlemen's SinglesChile
66.4%
Gentlemen's SinglesSerbia
65.3%
Ladies' SinglesSerbia
65.3%
Gentlemen's SinglesUkraine
62.8%
Ladies' SinglesUkraine
62.8%
Gentlemen's SinglesSlovakia
62.2%
Ladies' SinglesSlovakia
62.2%
Gentlemen's SinglesTurkey
58.1%
Gentlemen's SinglesCroatia
56.1%
Ladies' SinglesCroatia
56.1%
Gentlemen's SinglesSlovenia
54.7%
Event Country % Correct
Ladies' SinglesSlovenia
54.7%
Ladies' SinglesHungary
54.4%
Ladies' SinglesLatvia
52.5%
Gentlemen's SinglesRomania
52%
Ladies' SinglesRomania
52%
Ladies' SinglesBelarus
49.6%
Ladies' SinglesEstonia
47.6%
Gentlemen's SinglesLithuania
47.4%
Ladies' SinglesBulgaria
45.9%
Gentlemen's SinglesIsrael
44.3%
Ladies' SinglesIsrael
44.3%
Gentlemen's SinglesColombia
44.2%
Ladies' SinglesColombia
44.2%
Ladies' SinglesThailand
35.7%
Gentlemen's SinglesParaguay
35.5%
Ladies' SinglesParaguay
35.5%
Gentlemen's SinglesCyprus
31.2%
Gentlemen's SinglesTaiwan
27%
Ladies' SinglesTaiwan
27%
Gentlemen's SinglesKazakhstan
26.1%
Ladies' SinglesKazakhstan
26.1%
Gentlemen's SinglesJamaica
25.8%
Gentlemen's SinglesUzbekistan
17.7%
Ladies' SinglesUzbekistan
17.7%
Ladies' SinglesZimbabwe
7.4%
Gentlemen's SinglesZimbabwe
7.4%

You're not logged in!

Compare scores with friends on all Sporcle quizzes.
Join for Free
OR
Log In

You Might Also Like...

Show Comments

Extras

Top Quizzes Today


Score Distribution

Your Account Isn't Verified!

In order to create a playlist on Sporcle, you need to verify the email address you used during registration. Go to your Sporcle Settings to finish the process.

Report this User

Report this user for behavior that violates our Community Guidelines.

Details: